El club de los incomprendidos / (Record no. 51285)

MARC details
000 -LEADER
campo de control de longitud fija 00626nam a2200193 i 4500
001 - NÚMERO DE CONTROL
campo de control 51285
003 - IDENTIFICADOR DE NÚMERO DE CONTROL
campo de control ES-MaACL
005 - FECHA Y HORA DE LA ÚLTIMA TRANSACCIÓN
campo de control 20240524062949.0
007 - CAMPO FIJO DE DESCRIPCIÓN FÍSICA--INFORMACIÓN GENERAL
campo de control de longitud fija t|
008 - DATOS DE LONGITUD FIJA--INFORMACIÓN GENERAL
campo de control de longitud fija 030812s1942 sp ||||1| spa d
100 0# - ENTRADA PRINCIPAL--NOMBRE DE PERSONA
Nombre de persona Chesterton, G. K.,
Fechas asociadas al nombre 1874-1936
9 (RLIN) 38399
245 13 - MENCIÓN DEL TÍTULO
Título El club de los incomprendidos /
Mención de responsabilidad, etc. por G.K. Chesterton ; [traducción de Rafael O'Collogan].
250 ## - MENCION DE EDICION
Mención de edición 2ª ed.
260 ## - PUBLICACIÓN, DISTRIBUCIÓN, ETC.
Lugar de publicación, distribución, etc. [Barcelona :
Nombre del editor, distribuidor, etc. Tartessos,
Fecha de publicación, distribución, etc. 1942] (
Fabricante Indus. Gráf. Aleu y Domingo)
300 ## - DESCRIPCIÓN FÍSICA
Extensión 244 p. ;
Dimensiones 18 cm.
700 1# - ENTRADA AGREGADA--NOMBRE PERSONAL
Nombre de persona O'Collogan, Rafael.
9 (RLIN) 86300
852 ## - LOCALIZACIÓN
Ubicación ES-MaACL
Número de control de estantería F-15618
Sublocalización o colección R.19847
Holdings
Estatus retirado Estado de pérdida Estado de daño No para préstamo Biblioteca de origen Biblioteca actual Ubicación en estantería Fecha de adquisición Fuente de adquisición Total de préstamos Signatura topográfica completa Código de barras Visto por última vez Precio de reemplazo Tipo de ítem Koha
        Biblioteca del Ateneo de Madrid Biblioteca del Ateneo de Madrid Sala Pecera Planta 2 17/01/2008     F-15618 1053938 23/02/2023 23/02/2023 Libro impreso